<?xml version="1.0" encoding="UTF-8"?>
<record
    xmlns:xsi="http://www.w3.org/2001/XMLSchema-instance"
    xsi:schemaLocation="http://www.loc.gov/MARC21/slim http://www.loc.gov/standards/marcxml/schema/MARC21slim.xsd"
    xmlns="http://www.loc.gov/MARC21/slim">

  <leader>01035nam a2200241Ia 4500</leader>
  <controlfield tag="003">OSt</controlfield>
  <controlfield tag="005">20241217130321.0</controlfield>
  <controlfield tag="008">200812s9999    xx            000 0 und d</controlfield>
  <datafield tag="020" ind1=" " ind2=" ">
    <subfield code="a">9579642745 </subfield>
  </datafield>
  <datafield tag="020" ind1=" " ind2=" ">
    <subfield code="a">9789579642743</subfield>
  </datafield>
  <datafield tag="040" ind1=" " ind2=" ">
    <subfield code="c">0</subfield>
  </datafield>
  <datafield tag="041" ind1=" " ind2=" ">
    <subfield code="a">chi</subfield>
  </datafield>
  <datafield tag="050" ind1=" " ind2=" ">
    <subfield code="a">BT78</subfield>
    <subfield code="b">.T36 2003</subfield>
  </datafield>
  <datafield tag="100" ind1=" " ind2=" ">
    <subfield code="a">&#x5510;&#x5D07;&#x69AE;</subfield>
  </datafield>
  <datafield tag="245" ind1=" " ind2=" ">
    <subfield code="a">&#x5510;&#x5D07;&#x69AE;&#x554F;&#x984C;&#x89E3;&#x7B54;&#x985E;&#x7DE8;:</subfield>
    <subfield code="b">&#x4E0A;&#x518A; /</subfield>
    <subfield code="c">&#x5510;&#x5D07;&#x69AE;</subfield>
  </datafield>
  <datafield tag="246" ind1=" " ind2=" ">
    <subfield code="a">&#x5510;&#x5D07;&#x8363;&#x95EE;&#x9898;&#x89E3;&#x7B54;&#x7C7B;&#x7F16;:</subfield>
    <subfield code="b">&#x4E0A;&#x518C;</subfield>
  </datafield>
  <datafield tag="260" ind1=" " ind2=" ">
    <subfield code="a">&#x53F0;&#x5317;:</subfield>
    <subfield code="b">&#x4E2D;&#x798F;&#x51FA;&#x7248;&#x6709;&#x9650;&#x516C;&#x53F8;</subfield>
    <subfield code="c">2003</subfield>
  </datafield>
  <datafield tag="300" ind1=" " ind2=" ">
    <subfield code="a">358 p.</subfield>
    <subfield code="b">;</subfield>
    <subfield code="c">21 cm.</subfield>
  </datafield>
  <datafield tag="505" ind1=" " ind2=" ">
    <subfield code="a">&#x771F;&#x6B63;&#x91CD;&#x751F;&#x7684;&#x57FA;&#x7763;&#x5F92;&#x4E00;&#x5B9A;&#x8981;&#x5728;&#x6709;&#x5F62;&#x6559;&#x6703;&#x88E1;&#x55CE;&#xFF1F;&#x5510;&#x5D07;&#x69AE;&#x4EE5;&#x300C;&#x9032;&#x516C;&#x5171;&#x5EC1;&#x6240;&#x300D;&#x6BD4;&#x55BB;&#x300C;&#x52A0;&#x5165;&#x6709;&#x5F62;&#x6559;&#x6703;&#x300D;&#x89E3;&#x7B54;&#x4EE5;&#x4E0A;&#x554F;&#x984C;&#x3002;&#x672C;&#x66F8;&#xFF08;&#x4E0A;&#x3001;&#x4E0B;&#x5169;&#x518A;&#xFF09;&#x8F2F;&#x9304;&#x5510;&#x7267;&#x5E2B;&#x5728;&#x53F0;&#x7063;&#x6B77;&#x5C46;&#x795E;&#x5B78;&#x8B1B;&#x5EA7;&#x4E2D;&#x6240;&#x6709;&#x554F;&#x984C;&#x89E3;&#x7B54;&#xFF0C;&#x70BA;&#x8B80;&#x8005;&#x89E3;&#x958B;&#x4FE1;&#x4EF0;&#x4E0A;&#x7684;&#x7591;&#x96E3;&#x96DC;&#x75C7;&#xFF0C;&#x4E0B;&#x518A;&#x7684;&#x7B54;&#x554F;&#x5206;&#x5225;&#x4EE5;&#x6559;&#x6703;&#x8AD6;&#x3001;&#x672B;&#x4E16;&#x8AD6;&#x8207;&#x6B77;&#x53F2;&#x89C0;&#x53CA;&#x5176;&#x4ED6;&#x5982;&#x6587;&#x5316;&#x8207;&#x4FE1;&#x4EF0;&#x3001;&#x82E6;&#x96E3;&#x554F;&#x984C;&#x3001;&#x6200;&#x611B;&#x8207;&#x5BB6;&#x5EAD;&#x70BA;&#x4E3B;&#x984C;&#x3002;</subfield>
  </datafield>
  <datafield tag="650" ind1=" " ind2=" ">
    <subfield code="a">Theology, Doctrinal -- Miscellanea.</subfield>
  </datafield>
  <datafield tag="942" ind1=" " ind2=" ">
    <subfield code="2">ddc</subfield>
    <subfield code="c">CB</subfield>
  </datafield>
  <datafield tag="949" ind1=" " ind2=" ">
    <subfield code="v">v.1</subfield>
  </datafield>
  <datafield tag="952" ind1=" " ind2=" ">
    <subfield code="0">0</subfield>
    <subfield code="1">0</subfield>
    <subfield code="4">0</subfield>
    <subfield code="7">0</subfield>
    <subfield code="a">GETS</subfield>
    <subfield code="b">GETS</subfield>
    <subfield code="c">GEN</subfield>
    <subfield code="d">2020-08-12</subfield>
    <subfield code="l">0</subfield>
    <subfield code="o">BT78 .T36 2003</subfield>
    <subfield code="p">00001602</subfield>
    <subfield code="r">2020-08-12 00:00:00</subfield>
    <subfield code="w">2020-08-12</subfield>
    <subfield code="y">CB</subfield>
  </datafield>
  <datafield tag="999" ind1=" " ind2=" ">
    <subfield code="c">2723</subfield>
    <subfield code="d">2723</subfield>
  </datafield>
</record>
